| 000 | 00602nam a2200193Ia 4500 | ||
|---|---|---|---|
| 003 | IN-BaIIA | ||
| 008 | 211028s9999 xx 000 0 eng d | ||
| 040 | _cIIA Library | ||
| 080 |
_a047.1:681.3 _bADV-8 |
||
| 245 | 0 |
_aAdvances in computers _bvol. 8 _cedited by Franz L. Alt and Morris Rubinoff |
|
| 260 |
_aNew York _bAcademic Press _c1967 |
||
| 300 | _axii, 345p. | ||
| 650 |
_aComputers _92283 |
||
| 650 |
_aData processing _94335 |
||
| 650 | _aNASA Thesaurus | ||
| 700 | _aAlt, Franz L., ed. | ||
| 700 |
_aRubinoff, Morris, ed. _94824 |
||
| 942 | _cBK | ||
| 999 |
_c2996 _d2996 |
||